[Event "Ruhrgebiet Verbandsliga1 1213"]
[Site "Nordrheinwestfalen"]
[Date "2012.09.02"]
[Round "1.5"]
[White "Brockmann, Fabian"]
[Black "Knauf, Thomas"]
[Result "1-0"]
[WhiteElo "1902"]
[BlackElo "1898"]
[PlyCount "77"]
[EventDate "2012.09.02"]
[EventType "team-tourn"]
[EventRounds "9"]
[EventCountry "GER"]
[SourceTitle "EXT 2020"]
[Source "ChessBase"]
[SourceDate "2019.10.17"]
[SourceVersion "1"]
[SourceVersionDate "2019.10.17"]
[SourceQuality "1"]
[WhiteTeam "Dortmund Hansa III"]
[BlackTeam "Bochum-Linden-Dahlhausen"]
[WhiteTeamCountry "GER"]
[BlackTeamCountry "GER"]

1. e4 c5 2. Nf3 a6 3. c4 e6 4. Nc3 Nc6 5. d4 cxd4 6. Nxd4 Qc7 7. Nc2 Nf6 8. Be2 Be7 9. 0-0 0-0 10. b3 b6 11. f4 d6 12. Bf3 Bb7 13. Qe1 Nd7 14. Qg3 Bf6 15. Bb2 b5 16. cxb5 axb5 17. Kh1 Qa5 18. Qe1 Rfd8 19. a3 Rac8 20. Rd1 b4 21. Na4 bxa3 22. Bxa3 Qb5 23. Nb4 Nc5 24. e5 dxe5 25. Nxc6 Rxd1 26. Qxd1 e4 27. Na7 Qa5 28. Nxc5 exf3 29. Nxb7 fxg2+ 30. Kxg2 Qxa7 31. Nd6 Qxa3 32. Nxc8 Qa8+ 33. Qf3 Qxc8 34. b4 g6 35. b5 Qc5 36. Qc6 Qf5 37. b6 Qg4+ 38. Kh1 Qe2 39. Rc1 1-0

[Event "Ruhrgebiet Verbandsliga1 1112"]
[Site "Nordrheinwestfalen"]
[Date "2011.11.13"]
[Round "3.6"]
[White "Wilbert, Siegfried"]
[Black "Knauf, Thomas"]
[Result "0-1"]
[WhiteElo "1894"]
[BlackElo "1885"]
[PlyCount "82"]
[EventDate "2012.09.18"]
[EventType "team-tourn"]
[EventRounds "9"]
[EventCountry "GER"]
[SourceTitle "EXT 2020"]
[Source "ChessBase"]
[SourceDate "2019.10.17"]
[SourceVersion "1"]
[SourceVersionDate "2019.10.17"]
[SourceQuality "1"]
[WhiteTeam "Buer SF"]
[BlackTeam "Bochum-Linden-Dahlhausen"]
[WhiteTeamCountry "GER"]
[BlackTeamCountry "GER"]

1. c4 c5 2. Nc3 Nf6 3. g3 Nc6 4. Bg2 g6 5. e3 Bg7 6. d4 cxd4 7. exd4 0-0 8. Nge2 d6 9. h3 Bf5 10. g4 Bc8 11. Be3 a6 12. Qd2 Na5 13. b3 Rb8 14. Rc1 Bd7 15. 0-0 b5 16. cxb5 axb5 17. Ng3 b4 18. Nce2 Bb5 19. f4 e6 20. f5 exf5 21. gxf5 Nh5 22. Nxh5 gxh5 23. Rf2 Bxe2 24. Rxe2 Bf6 25. Bf3 Qd7 26. Bxh5 Kh8 27. Rg2 Rg8 28. Bg5 Bxg5 29. Rxg5 Rxg5+ 30. Qxg5 Rg8 31. Bg6 fxg6 32. f6 Qf5 33. Qh4 g5 34. Qe1 g4 35. h4 Qxf6 36. Qxb4 g3 37. Rf1 Qxh4 38. Qd2 Nc6 39. d5 Ne5 40. Rf4 Qh5 41. Qb2 g2 0-1

[Event "Ruhrgebiet Verbandsliga1 1011"]
[Site "Nordrheinwestfalen"]
[Date "2010.12.05"]
[Round "4.7"]
[White "Knauf, Thomas"]
[Black "Gajda, Peter"]
[Result "1/2-1/2"]
[WhiteElo "1885"]
[BlackElo "1844"]
[PlyCount "80"]
[EventDate "2011.09.12"]
[EventType "team-tourn"]
[EventRounds "9"]
[EventCountry "GER"]
[SourceTitle "EXT 2020"]
[Source "ChessBase"]
[SourceDate "2019.10.17"]
[SourceVersion "1"]
[SourceVersionDate "2019.10.17"]
[SourceQuality "1"]
[WhiteTeam "Bochum-Linden-Dahlhausen"]
[BlackTeam "Kirchhellen SF"]
[WhiteTeamCountry "GER"]
[BlackTeamCountry "GER"]

1. c4 e5 2. Nc3 Nc6 3. g3 d6 4. Nf3 f5 5. d3 Nf6 6. Bg2 g6 7. 0-0 Bg7 8. Rb1 a5 9. a3 0-0 10. b4 axb4 11. axb4 Ne7 12. Qb3 h6 13. c5+ Kh7 14. Bb2 Qe8 15. cxd6 cxd6 16. b5 g5 17. Nd2 Qf7 18. Qxf7 Rxf7 19. Nc4 Ne8 20. Nb6 Rb8 21. Nxc8 Nxc8 22. Nd5 Nf6 23. f4 exf4 24. gxf4 g4 25. Rfc1 Nxd5 26. Bxd5 Re7 27. Kf2 Bxb2 28. Rxb2 Nb6 29. Bb3 Rc8 30. Rxc8 Nxc8 31. e4 Kg6 32. Ke3 Kf6 33. Kd4 Nb6 34. Rc2 h5 35. h4 Rd7 36. Bd5 Re7 37. Re2 Rd7 38. Rc2 Re7 39. Re2 Rd7 40. Rc2 Re7 1/2-1/2

[Event "Ruhrgebiet VK3 0304"]
[Site "Ruhrgebiet"]
[Date "2004.01.11"]
[Round "5.6"]
[White "Knauf, Thomas"]
[Black "Brueck, Uwe"]
[Result "1/2-1/2"]
[WhiteElo "1893"]
[BlackElo "1730"]
[PlyCount "81"]
[EventDate "2003.09.28"]
[EventType "team"]
[EventRounds "9"]
[EventCountry "GER"]
[SourceTitle "EXT 2007"]
[Source "ChessBase"]
[SourceDate "2006.11.23"]
[SourceVersion "1"]
[SourceVersionDate "2006.11.23"]
[SourceQuality "1"]
[WhiteTeam "Linden"]
[BlackTeam "Muelheim Heissen II"]
[WhiteTeamCountry "GER"]
[BlackTeamCountry "GER"]

1. d4 c5 2. c3 d5 3. Nf3 Nf6 4. h3 Bf5 5. Bf4 e6 6. e3 Bd6 7. Bxd6 Qxd6 8. dxc5 Qxc5 9. Qd4 Qa5 10. Na3 0-0 11. Be2 Nc6 12. Qd1 Ne4 13. Qb3 Nc5 14. Qb5 Qxb5 15. Nxb5 Rfd8 16. Nbd4 Nxd4 17. exd4 Na4 18. 0-0-0 a6 19. Bd3 Bxd3 20. Rxd3 b5 21. Ne5 Rac8 22. Kb1 Nb6 23. f4 f6 24. Nf3 Kf7 25. Re1 Nc4 26. Nd2 Nxd2+ 27. Rxd2 a5 28. Rde2 Rc6 29. g4 b4 30. Re3 bxc3 31. Rxc3 Rxc3 32. bxc3 Rc8 33. Kc2 Rb8 34. Rb1 Rxb1 35. Kxb1 Ke7 36. Kb2 Kd6 37. Kb3 Kc6 38. c4 dxc4+ 39. Kxc4 g5 40. fxg5 fxg5 41. a3 1/2-1/2

[Event "Ruhrgebiet VK3 0304"]
[Site "Ruhrgebiet"]
[Date "2003.12.07"]
[Round "4.6"]
[White "Knauf, Thomas"]
[Black "Rolf, Sebastian"]
[Result "0-1"]
[WhiteElo "1893"]
[BlackElo "1864"]
[PlyCount "72"]
[EventDate "2003.09.28"]
[EventType "team"]
[EventRounds "9"]
[EventCountry "GER"]
[SourceTitle "EXT 2007"]
[Source "ChessBase"]
[SourceDate "2006.11.23"]
[SourceVersion "1"]
[SourceVersionDate "2006.11.23"]
[SourceQuality "1"]
[WhiteTeam "Linden"]
[BlackTeam "Laeufer Ost"]
[WhiteTeamCountry "GER"]
[BlackTeamCountry "GER"]

1. c4 Nf6 2. Nf3 c5 3. d4 cxd4 4. Nxd4 Nc6 5. Nc3 e6 6. Ndb5 d6 7. e4 a6 8. Na3 Be7 9. Be2 0-0 10. 0-0 Qc7 11. Be3 Bd7 12. Rc1 Rfd8 13. g4 h6 14. f4 Be8 15. Bf3 Nb4 16. Nc2 Nxc2 17. Rxc2 Qxc4 18. g5 hxg5 19. fxg5 Nd7 20. Nd5 Qa4 21. Nxe7+ Kf8 22. Ng6+ fxg6 23. e5 Kg8 24. exd6 Qb5 25. Bg4 Bf7 26. Rxf7 Kxf7 27. Qf3+ Ke8 28. Bxe6 Ne5 29. Qh3 Rxd6 30. Qh8+ Ke7 31. Qxa8 Rd1+ 32. Kg2 Qf1+ 33. Kg3 Qf3+ 34. Kh4 Qe4+ 35. Kg3 Qxe3+ 36. Kh4 Rd4+ 0-1